| 000 | 00699nam a2200265Ia 4500 | ||
|---|---|---|---|
| 008 | 171120s9999 xx 000 0 und d | ||
| 020 | _a9.7897127231e+012 | ||
| 050 | _a346.59 | ||
| 050 | _bP592 2010 | ||
| 100 | _aPichay, Nicolas | ||
| 245 | 2 | _aA guide to the intellectual code of the Philippines : | |
| 245 | _bUnderstanding the law empowering the artist / | ||
| 245 | _cby Nicolas Pichay. | ||
| 260 | _aPhilippines : | ||
| 260 | _bAnvil, | ||
| 260 | _c2010 | ||
| 300 | _a121 pages : | ||
| 300 | _billustrations ; | ||
| 300 | _c21cm. | ||
| 650 | _aCopyright -- | ||
| 650 | _aIntellectual property -- | ||
| 650 | _xPhilippines. | ||
| 650 | _xPhilippines. | ||
| 700 | _aTitle. | ||
| 999 |
_c345247 _d345247 |
||